[Event "16th FAJR Open"]
[Site "Urmia IRI"]
[Date "2008.02.07"]
[Round "9"]
[White "Khalesi, V."]
[Black "Simonian, H."]
[Result "0-1"]
[WhiteElo "2188"]
[BlackElo "2435"]
[PlyCount "86"]
[EventDate "2008.02.03"]
[EventType "swiss"]
[EventRounds "11"]
[EventCountry "IRI"]
[Source "Mark Crowther"]
[SourceDate "2008.02.18"]

1. e4 c5 2. Nf3 e6 3. d4 cxd4 4. Nxd4 a6 5. Bd3 Bc5 6. Nb3 Be7 7. Qg4 g6 8. Qe2
d6 9. Nc3 b5 10. a3 Bb7 11. O-O h5 12. f4 Nf6 13. Bd2 Nbd7 14. Nd1 Nc5 15. Nxc5
dxc5 16. c4 Qb6 17. Nf2 b4 18. Be3 a5 19. axb4 axb4 20. Rxa8+ Bxa8 21. b3 Qc6
22. Bc1 O-O 23. Bb2 Rd8 24. Kh1 Ne8 25. Rg1 Bh4 26. Bb1 Qc7 27. f5 Qf4 28. Nh3
Qg4 29. Qxg4 hxg4 30. Nf4 g5 31. Nh5 exf5 32. exf5 Rd2 33. Bc1 Rd6 34. Rf1 Rh6
35. Kg1 Rxh5 36. g3 Bxg3 37. hxg3 Nf6 38. Be3 Rh1+ 39. Kf2 Rh2+ 40. Ke1 Bf3 41.
Bd3 Ne4 42. Rxf3 gxf3 43. Bxe4 Re2+ 0-1

[Event "16th FAJR Open"]
[Site "Urmia IRI"]
[Date "2008.02.07"]
[Round "9"]
[White "Sulashvili, M."]
[Black "Roghani, A."]
[Result "1-0"]
[WhiteElo "2482"]
[BlackElo "2362"]
[PlyCount "120"]
[EventDate "2008.02.03"]
[EventType "swiss"]
[EventRounds "11"]
[EventCountry "IRI"]
[Source "Mark Crowther"]
[SourceDate "2008.02.18"]

1. Nf3 Nf6 2. c4 e6 3. g3 d5 4. Bg2 dxc4 5. O-O a6 6. Na3 c5 7. Nxc4 b5 8. Nce5
Bb7 9. Nxf7 Kxf7 10. Ng5+ Ke7 11. Bxb7 Ra7 12. Bg2 Nbd7 13. d4 h6 14. Nh3 Kf7
15. e4 cxd4 16. Qxd4 Bc5 17. Qc3 Rc7 18. Be3 Rf8 19. Rac1 Kg8 20. Nf4 Qe8 21.
Bxc5 Rxc5 22. Qd3 Rxc1 23. Rxc1 Ng4 24. Rc2 g5 25. Ng6 Qxg6 26. Qxd7 Qf6 27.
Bh3 Rd8 28. e5 Rxd7 29. exf6 h5 30. Bxg4 hxg4 31. Rc6 Kf7 32. Rxa6 Rd2 33. b3
Kxf6 34. a4 bxa4 35. bxa4 Ra2 36. Ra8 Ke5 37. Ra6 Kf5 38. Kg2 e5 39. Ra8 e4 40.
Ra5+ Kf6 41. Kf1 Kg6 42. Ra8 Kf5 43. a5 e3 44. a6 Ke4 45. Re8+ Kf5 46. Rxe3
Rxa6 47. Re8 Ra2 48. Ke1 Kg6 49. Rd8 Kf5 50. Rd2 Ra1+ 51. Ke2 Rh1 52. Rd5+ Kg6
53. Rd6+ Kg7 54. Rd4 Rxh2 55. Rxg4 Kf6 56. Rb4 Rh1 57. Kf3 Rf1 58. Rb6+ Kg7 59.
Rb2 Ra1 60. Kg4 Ra5 1-0

[Event "16th FAJR Open"]
[Site "Urmia IRI"]
[Date "2008.02.07"]
[Round "9"]
[White "Mallahi, A."]
[Black "Mousavi, D."]
[Result "1-0"]
[WhiteElo "2397"]
[BlackElo "2131"]
[PlyCount "83"]
[EventDate "2008.02.03"]
[EventType "swiss"]
[EventRounds "11"]
[EventCountry "IRI"]
[Source "Mark Crowther"]
[SourceDate "2008.02.18"]

1. e4 g6 2. d4 Bg7 3. Nc3 d6 4. Be3 Nf6 5. f3 O-O 6. Qd2 e5 7. Nge2 c6 8. g4 b5
9. h4 Nbd7 10. h5 exd4 11. Nxd4 b4 12. Nd1 Ne5 13. Be2 Bxg4 14. hxg6 c5 15.
gxh7+ Kh8 16. Nf5 Bxf5 17. exf5 d5 18. Bh6 Ne8 19. Ne3 Bxh6 20. Rxh6 Qg5 21.
Ng4 Qxd2+ 22. Kxd2 Nxg4 23. fxg4 f6 24. a3 a5 25. axb4 cxb4 26. Bb5 Nd6 27. Bd3
Nc4+ 28. Bxc4 dxc4 29. Ke3 a4 30. Kd4 a3 31. bxa3 bxa3 32. Ra2 c3 33. Kxc3 Ra4
34. Kb3 Rxg4 35. Rxa3 Rb8+ 36. Ka2 Rc4 37. Rh2 Rc5 38. Rf2 Rbb5 39. Rb3 Kxh7
40. Rxb5 Rxb5 41. c4 Rb4 42. Rc2 1-0

[Event "16th FAJR Open"]
[Site "Urmia IRI"]
[Date "2008.02.07"]
[Round "9"]
[White "Moghaddamian, A."]
[Black "Zeynalov, F."]
[Result "0-1"]
[WhiteElo "2122"]
[BlackElo "2269"]
[PlyCount "61"]
[EventDate "2008.02.03"]
[EventType "swiss"]
[EventRounds "11"]
[EventCountry "IRI"]
[Source "Mark Crowther"]
[SourceDate "2008.02.18"]

1. Nc3 d5 2. e4 d4 3. Nce2 e5 4. Ng3 Be6 5. Nf3 Nd7 6. Bb5 c6 7. Ba4 Nc5 8. Bb3
Nxb3 9. axb3 f6 10. d3 g6 11. O-O Bg7 12. Nd2 Ne7 13. Nc4 a5 14. f4 exf4 15.
Bxf4 O-O 16. Bd6 Rf7 17. Bc5 Nc8 18. c3 b5 19. Na3 dxc3 20. bxc3 Nd6 21. Ne2
Nb7 22. Be3 Bxb3 23. Qxb3 Qxd3 24. Kf2 Nd6 25. Ng3 f5 26. exf5 Re8 27. Bc5 Bxc3
28. Qd1 Ne4+ 29. Nxe4 Qxe4 30. Kg1 Bxa1 31. Qxa1 0-1

[Event "16th FAJR Open"]
[Site "Urmia IRI"]
[Date "2008.02.07"]
[Round "9"]
[White "Sadatnajafi, M."]
[Black "Rzaev, A."]
[Result "1-0"]
[WhiteElo "2256"]
[BlackElo "2068"]
[PlyCount "32"]
[EventDate "2008.02.03"]
[EventType "swiss"]
[EventRounds "11"]
[EventCountry "IRI"]
[Source "Mark Crowther"]
[SourceDate "2008.02.18"]

1. e4 e5 2. Bc4 Nf6 3. d3 Be7 4. f4 d6 5. Nf3 Nc6 6. Nc3 Bg4 7. h3 Bxf3 8. Qxf3
Nd4 9. Qf2 Nh5 10. Bxf7+ Kxf7 11. fxe5+ Ke8 12. Qxd4 Bh4+ 13. Kd1 Ng3 14. Rg1
dxe5 15. Qxe5+ Qe7 16. Qxe7+ Kxe7 1-0

[Event "16th FAJR Open"]
[Site "Urmia IRI"]
[Date "2008.02.07"]
[Round "9"]
[White "Hicks, R."]
[Black "Sadeghi, M."]
[Result "0-1"]
[WhiteElo "2051"]
[BlackElo "2209"]
[PlyCount "38"]
[EventDate "2008.02.03"]
[EventType "swiss"]
[EventRounds "11"]
[EventCountry "IRI"]
[Source "Mark Crowther"]
[SourceDate "2008.02.18"]

1. c4 Nf6 2. g3 e6 3. Bg2 d5 4. Nf3 Be7 5. O-O O-O 6. d4 b6 7. cxd5 exd5 8. Qc2
c5 9. Nc3 Nc6 10. Rd1 Be6 11. Bf4 Rc8 12. Rac1 cxd4 13. Nxd4 Nxd4 14. Rxd4 Bc5
15. Rdd1 Qe7 16. Qa4 Ng4 17. Rf1 Qf6 18. Bxd5 g5 19. Ne4 Qh6 0-1

[Event "16th FAJR Open"]
[Site "Urmia IRI"]
[Date "2008.02.08"]
[Round "10"]
[White "Ghaem Maghami, E."]
[Black "Moosavian, S."]
[Result "1-0"]
[WhiteElo "2589"]
[BlackElo "2349"]
[PlyCount "85"]
[EventDate "2008.02.03"]
[EventType "swiss"]
[EventRounds "11"]
[EventCountry "IRI"]
[Source "Mark Crowther"]
[SourceDate "2008.02.18"]

1. c4 e6 2. Nf3 f5 3. g3 b6 4. Bg2 Bb7 5. O-O Nf6 6. d4 d5 7. Bg5 Be7 8. cxd5
exd5 9. Bxf6 Bxf6 10. b4 O-O 11. Nc3 Nc6 12. a3 Re8 13. e3 Ne7 14. Qb3 Kh8 15.
Rfd1 c6 16. Ne5 Bxe5 17. dxe5 b5 18. a4 a6 19. e4 Qc7 20. exd5 cxd5 21. axb5
axb5 22. Nxb5 Qxe5 23. Rac1 Rac8 24. Rc5 Ba6 25. Nd4 Rxc5 26. bxc5 Bc4 27. Qb6
Ng8 28. h3 f4 29. g4 Nf6 30. c6 h5 31. Nf3 Qd6 32. gxh5 Ne4 33. Qd4 Qxc6 34.
Ne5 Qa4 35. Ra1 Qc2 36. Bxe4 Qxe4 37. Qxe4 dxe4 38. Nxc4 e3 39. Nd6 Re6 40.
Nf7+ Kg8 41. Ng5 Re8 42. fxe3 fxe3 43. Kf1 1-0

[Event "16th FAJR Open"]
[Site "Urmia IRI"]
[Date "2008.02.08"]
[Round "10"]
[White "Alizadeh, G."]
[Black "Pantsulaia, L."]
[Result "1/2-1/2"]
[WhiteElo "2177"]
[BlackElo "2629"]
[PlyCount "75"]
[EventDate "2008.02.03"]
[EventType "swiss"]
[EventRounds "11"]
[EventCountry "IRI"]
[Source "Mark Crowther"]
[SourceDate "2008.02.18"]

1. e4 c6 2. d4 d5 3. Nd2 dxe4 4. Nxe4 Bf5 5. Ng3 Bg6 6. h4 h6 7. Nf3 Nd7 8. h5
Bh7 9. Bd3 Bxd3 10. Qxd3 e6 11. Bd2 Qc7 12. Ne4 Ngf6 13. g3 Nxe4 14. Qxe4 Bd6
15. c4 Nf6 16. Qe2 c5 17. Bc3 cxd4 18. Nxd4 a6 19. O-O-O O-O-O 20. Kb1 Rd7 21.
Rc1 Kb8 22. Nf3 Qc5 23. Ne5 Bxe5 24. Bxe5+ Kc8 25. Rcd1 Rhd8 26. Rxd7 Rxd7 27.
f4 Qa5 28. g4 Rd2 29. Qe1 Qd8 30. Kc1 Rd7 31. Qb4 Ne4 32. Bxg7 Ng3 33. Re1 Ne2+
34. Kc2 Nxf4 35. Qf8 Rd2+ 36. Kc3 Rd3+ 37. Kc2 Rd2+ 38. Kc3 1/2-1/2

[Event "16th FAJR Open"]
[Site "Urmia IRI"]
[Date "2008.02.08"]
[Round "10"]
[White "Malaniuk, V."]
[Black "Saravanan, V1."]
[Result "1/2-1/2"]
[WhiteElo "2498"]
[BlackElo "2379"]
[PlyCount "49"]
[EventDate "2008.02.03"]
[EventType "swiss"]
[EventRounds "11"]
[EventCountry "IRI"]
[Source "Mark Crowther"]
[SourceDate "2008.02.18"]

1. d4 Nf6 2. Nf3 g6 3. c4 Bg7 4. g3 O-O 5. Bg2 c5 6. O-O Nc6 7. Nc3 cxd4 8.
Nxd4 Nxd4 9. Qxd4 d6 10. Qd3 a6 11. Bg5 Rb8 12. Rac1 Be6 13. b3 Qa5 14. Qd2
Rfc8 15. Be3 Qh5 16. Ba7 Ra8 17. Bd4 Rab8 18. Rc2 Ng4 19. h3 Bxd4 20. Qxd4 Nf6
21. g4 Qc5 22. Qxc5 Rxc5 23. Na4 Rc7 24. Nb6 Nd7 25. Nxd7 1/2-1/2

[Event "16th FAJR Open"]
[Site "Urmia IRI"]
[Date "2008.02.08"]
[Round "10"]
[White "Mirumian, V."]
[Black "Ghane, S."]
[Result "1-0"]
[WhiteElo "2525"]
[BlackElo "2442"]
[PlyCount "101"]
[EventDate "2008.02.03"]
[EventType "swiss"]
[EventRounds "11"]
[EventCountry "IRI"]
[Source "Mark Crowther"]
[SourceDate "2008.02.18"]

1. c4 e6 2. Nf3 d5 3. g3 Nf6 4. Bg2 dxc4 5. Qa4+ Bd7 6. Qxc4 Bc6 7. O-O Nbd7 8.
Nc3 Be7 9. e4 O-O 10. Qe2 b6 11. d4 Bb7 12. Rd1 Re8 13. Bf4 Nh5 14. Bd2 Nhf6
15. Rac1 a6 16. h3 b5 17. e5 Nd5 18. Ne4 Qb8 19. h4 Qa7 20. Nfg5 h6 21. Nxf7
Kxf7 22. Qf3+ Kg8 23. Qg4 Kh8 24. Qxe6 Nf8 25. Qf7 Qb6 26. Nc5 Bxc5 27. dxc5
Qc6 28. Bxh6 Qg6 29. Bxd5 Bxd5 30. Qxg7+ Qxg7 31. Bxg7+ Kxg7 32. Rxd5 c6 33.
Rd6 Rxe5 34. Rxc6 Ne6 35. Kf1 Nd4 36. Rd6 Nf5 37. Rd7+ Kg6 38. c6 Rf8 39. c7
Ree8 40. Rc6+ Kh5 41. Kg2 Nxh4+ 42. gxh4 Kxh4 43. Rg6 Kh5 44. Rg3 Kh6 45. Rd1
Re5 46. Rh1+ Rh5 47. Rxh5+ Kxh5 48. Rc3 Rc8 49. Kf3 Kg5 50. Ke4 Kf6 51. Kd5 1-0

[Event "16th FAJR Open"]
[Site "Urmia IRI"]
[Date "2008.02.08"]
[Round "10"]
[White "Zeynalov, F."]
[Black "Sanikidze, T."]
[Result "1-0"]
[WhiteElo "2269"]
[BlackElo "2461"]
[PlyCount "49"]
[EventDate "2008.02.03"]
[EventType "swiss"]
[EventRounds "11"]
[EventCountry "IRI"]
[Source "Mark Crowther"]
[SourceDate "2008.02.18"]

1. d4 Nf6 2. Bg5 e6 3. e4 h6 4. Bxf6 Qxf6 5. Nc3 Bb4 6. Nge2 e5 7. dxe5 Qxe5 8.
Qd3 O-O 9. O-O-O c6 10. f4 Qa5 11. g4 d5 12. exd5 Rd8 13. Rg1 cxd5 14. g5 d4
15. gxh6 Bf5 16. Rxg7+ Kh8 17. Qg3 Bg6 18. Rxg6 dxc3 19. Rxd8+ Qxd8 20. Rd6
cxb2+ 21. Kb1 Qg8 22. Rd8 Bf8 23. Qxg8+ Kxg8 24. h7+ Kxh7 25. Rxf8 1-0

[Event "16th FAJR Open"]
[Site "Urmia IRI"]
[Date "2008.02.08"]
[Round "10"]
[White "Girinath, P."]
[Black "Nasri, A."]
[Result "1-0"]
[WhiteElo "2430"]
[BlackElo "2348"]
[PlyCount "90"]
[EventDate "2008.02.03"]
[EventType "swiss"]
[EventRounds "11"]
[EventCountry "IRI"]
[Source "Mark Crowther"]
[SourceDate "2008.02.18"]

1. e4 e5 2. Nf3 Nf6 3. Nxe5 d6 4. Nf3 Nxe4 5. Qe2 Qe7 6. d3 Nf6 7. Bg5 Nbd7 8.
Nc3 h6 9. Bf4 g5 10. Bd2 Qxe2+ 11. Bxe2 Bg7 12. O-O-O Nb6 13. Rde1 Be6 14. h4
g4 15. Nd4 Kd7 16. h5 Rag8 17. g3 Bf8 18. Bd1 Be7 19. Re2 c5 20. Nxe6 fxe6 21.
Ne4 Nbd5 22. c4 Nc7 23. Nxf6+ Bxf6 24. Re4 Bd4 25. Rh2 Rf8 26. Be1 Rhg8 27.
Bxg4 Rf6 28. f3 Kc6 29. Rhe2 e5 30. a3 b6 31. b4 a6 32. Bd2 Ne8 33. Kc2 Nc7 34.
Rg2 Rg7 35. Re1 Rg8 36. Rb1 b5 37. Re2 d5 38. bxc5 Kxc5 39. cxb5 axb5 40. Kd1
Kb6 41. a4 Ka6 42. Be1 Rb8 43. Ra2 b4 44. Rxb4 Rxb4 45. Bxb4 Rb6 1-0

[Event "16th FAJR Open"]
[Site "Urmia IRI"]
[Date "2008.02.08"]
[Round "10"]
[White "Noroozi, O."]
[Black "Harutjunyan, G."]
[Result "1-0"]
[WhiteElo "2222"]
[BlackElo "2423"]
[PlyCount "85"]
[EventDate "2008.02.03"]
[EventType "swiss"]
[EventRounds "11"]
[EventCountry "IRI"]
[Source "Mark Crowther"]
[SourceDate "2008.02.18"]

1. c4 g6 2. Nc3 Bg7 3. d4 d6 4. e4 Nc6 5. d5 Nd4 6. Be3 c5 7. Nge2 Qb6 8. Na4
Qa5+ 9. b4 Qxb4+ 10. Bd2 Qa3 11. Nxd4 Bxd4 12. Bc1 Bc3+ 13. Nxc3 Qxc3+ 14. Bd2
Qe5 15. f3 e6 16. Qc1 Qg7 17. Rb1 e5 18. Bd3 f5 19. f4 fxe4 20. Bxe4 Nf6 21.
Bd3 O-O 22. O-O e4 23. Bc2 Ng4 24. Qb2 Qh6 25. h3 e3 26. Be1 Nf6 27. Rf3 Nh5
28. Qc3 b6 29. Qxe3 Ba6 30. Qe6+ Rf7 31. Qxd6 Nxf4 32. Kh2 Bxc4 33. Bd2 Raf8
34. Re1 Rf6 35. Qe5 g5 36. Rg3 Kh8 37. Rxg5 Bd3 38. Bxf4 Bxc2 39. Rg8+ Kxg8 40.
Bxh6 Rxh6 41. d6 Ba4 42. Qd5+ Kh8 43. d7 1-0

[Event "16th FAJR Open"]
[Site "Urmia IRI"]
[Date "2008.02.08"]
[Round "10"]
[White "Sharbaf, M."]
[Black "Abedi, Ab"]
[Result "1-0"]
[WhiteElo "2407"]
[BlackElo "2161"]
[PlyCount "45"]
[EventDate "2008.02.03"]
[EventType "swiss"]
[EventRounds "11"]
[EventCountry "IRI"]
[Source "Mark Crowther"]
[SourceDate "2008.02.18"]

1. Nc3 d6 2. e4 Nd7 3. Bc4 Ngf6 4. d3 c6 5. a4 g6 6. f4 Bg7 7. Nf3 O-O 8. O-O
Qa5 9. Ba2 Nc5 10. Bd2 Qc7 11. b4 Na6 12. Rb1 Be6 13. Bxe6 fxe6 14. Qe1 Nh5 15.
Ne2 Qd7 16. e5 dxe5 17. fxe5 Rxf3 18. Rxf3 Bxe5 19. Qh4 Bg7 20. Rbf1 Nc7 21. g4
Nf6 22. Bh6 Nce8 23. g5 1-0

[Event "16th FAJR Open"]
[Site "Urmia IRI"]
[Date "2008.02.08"]
[Round "10"]
[White "Reyhan, D."]
[Black "Mahmoody, M."]
[Result "0-1"]
[WhiteElo "2240"]
[BlackElo "2154"]
[PlyCount "72"]
[EventDate "2008.02.03"]
[EventType "swiss"]
[EventRounds "11"]
[EventCountry "IRI"]
[Source "Mark Crowther"]
[SourceDate "2008.02.18"]

1. e4 c5 2. Nf3 d6 3. d4 cxd4 4. Nxd4 Nf6 5. Nc3 a6 6. Be3 e5 7. Nb3 Be6 8. f4
Qc7 9. f5 Bc4 10. g4 h6 11. Bxc4 Qxc4 12. Qe2 Qxe2+ 13. Kxe2 Nxg4 14. Nd5 Nxe3
15. Nc7+ Kd8 16. Nxa8 Nxc2 17. Rac1 Nb4 18. Nb6 N4c6 19. Rhg1 Nd7 20. Nd5 Nc5
21. Nxc5 dxc5 22. a4 h5 23. b4 cxb4 24. Rgd1 Nd4+ 25. Rxd4 exd4 26. Rc7 Bd6 27.
Rxb7 Bxh2 28. Nxb4 h4 29. Rxf7 h3 30. Kf1 Bd6 31. Nc6+ Ke8 32. Ra7 Rh4 33. e5
h2 34. Ra8+ Kd7 35. Rd8+ Kxc6 36. Rxd6+ Kc5 0-1

[Event "16th FAJR Open"]
[Site "Urmia IRI"]
[Date "2008.02.08"]
[Round "10"]
[White "Nikbin, S."]
[Black "Ahmadinia, E."]
[Result "0-1"]
[WhiteElo "2057"]
[BlackElo "2227"]
[PlyCount "34"]
[EventDate "2008.02.03"]
[EventType "swiss"]
[EventRounds "11"]
[EventCountry "IRI"]
[Source "Mark Crowther"]
[SourceDate "2008.02.18"]

1. e4 d5 2. exd5 Qxd5 3. Nf3 Nf6 4. Nc3 Qd6 5. d4 a6 6. Be3 b5 7. Bd3 Bb7 8. h3
e6 9. O-O Be7 10. Ne5 c5 11. Ne2 c4 12. a4 cxd3 13. Qxd3 bxa4 14. c4 Nc6 15. c5
Nxe5 16. cxd6 Nxd3 17. dxe7 Nd5 0-1

[Event "16th FAJR Open"]
[Site "Urmia IRI"]
[Date "2008.02.08"]
[Round "10"]
[White "Kuparadze, G."]
[Black "Makvandi, N."]
[Result "1-0"]
[WhiteElo "2407"]
[BlackElo "2125"]
[PlyCount "57"]
[EventDate "2008.02.03"]
[EventType "swiss"]
[EventRounds "11"]
[EventCountry "IRI"]
[Source "Mark Crowther"]
[SourceDate "2008.02.18"]

1. e4 c5 2. Nf3 d6 3. d4 cxd4 4. Nxd4 Nf6 5. Nc3 e6 6. g4 h6 7. Rg1 a6 8. h4
Nc6 9. g5 hxg5 10. hxg5 Nd7 11. g6 Nf6 12. gxf7+ Kxf7 13. Nxc6 bxc6 14. e5 Nd5
15. Qf3+ Kg8 16. Ne4 dxe5 17. Bg5 Be7 18. O-O-O Qf8 19. Qxf8+ Bxf8 20. c4 Nf4
21. Bf6 Rh5 22. Ng3 Rh2 23. Bxe5 Rxf2 24. Ne4 Ne2+ 25. Bxe2 Rxe2 26. Rd8 Kf7
27. Rf1+ Kg6 28. Rdxf8 Rxe4 29. Rg1+ 1-0

[Event "16th FAJR Open"]
[Site "Urmia IRI"]
[Date "2008.02.08"]
[Round "10"]
[White "Koohestani, S."]
[Black "Bayramov, V."]
[Result "1/2-1/2"]
[WhiteElo "2128"]
[BlackElo "2324"]
[PlyCount "48"]
[EventDate "2008.02.03"]
[EventType "swiss"]
[EventRounds "11"]
[EventCountry "IRI"]
[Source "Mark Crowther"]
[SourceDate "2008.02.18"]

1. d4 Nf6 2. c4 d6 3. Nc3 g6 4. Nf3 Bg7 5. g3 O-O 6. Bg2 Nbd7 7. O-O c6 8. e4
e5 9. Re1 a6 10. d5 cxd5 11. Nxd5 Nxd5 12. Qxd5 Nc5 13. Bg5 Qc7 14. Rad1 Ne6
15. Qxd6 Qxc4 16. Nxe5 Qb5 17. Rd5 Qxb2 18. Be7 Re8 19. Ng4 h5 20. Rd2 Qc3 21.
Re3 Qa1+ 22. Rd1 Qb2 23. Rd2 Qa1+ 24. Rd1 Qb2 1/2-1/2

[Event "16th FAJR Open"]
[Site "Urmia IRI"]
[Date "2008.02.08"]
[Round "10"]
[White "Zamani, F."]
[Black "Soozankar, A."]
[Result "1/2-1/2"]
[WhiteElo "2095"]
[BlackElo "2253"]
[PlyCount "55"]
[EventDate "2008.02.03"]
[EventType "swiss"]
[EventRounds "11"]
[EventCountry "IRI"]
[Source "Mark Crowther"]
[SourceDate "2008.02.18"]

1. d4 e6 2. Nf3 Nf6 3. Bf4 c5 4. c3 Qb6 5. Qb3 d5 6. e3 c4 7. Qc2 Nc6 8. Nbd2
Nh5 9. Bg3 f5 10. Be2 Bd7 11. Be5 Nf6 12. Bg3 a5 13. a4 Be7 14. h3 Bd8 15. Ne5
O-O 16. Ndf3 Be8 17. O-O Ne4 18. Bh2 Ng5 19. Nxg5 Bxg5 20. Nf3 Bf6 21. Rfb1 Bg6
22. Bf4 Bh5 23. b3 Bxf3 24. Bxf3 cxb3 25. Rxb3 Qa7 26. Rab1 Rf7 27. Qb2 Nd8 28.
Rb6 1/2-1/2

[Event "16th FAJR Open"]
[Site "Urmia IRI"]
[Date "2008.02.08"]
[Round "10"]
[White "Hosseinzadeh, N."]
[Black "Darban, M."]
[Result "1-0"]
[WhiteElo "2001"]
[BlackElo "2401"]
[PlyCount "77"]
[EventDate "2008.02.03"]
[EventType "swiss"]
[EventRounds "11"]
[EventCountry "IRI"]
[Source "Mark Crowther"]
[SourceDate "2008.02.18"]

1. e4 g6 2. d4 Bg7 3. Nc3 c6 4. Bc4 d6 5. Nf3 Nf6 6. e5 dxe5 7. Nxe5 O-O 8. O-O
Nbd7 9. Bg5 Nb6 10. Bb3 a5 11. a4 Nfd5 12. Nxd5 Nxd5 13. Bh4 Be6 14. Re1 Re8
15. Qf3 Qc7 16. g4 Rad8 17. Bg3 Qc8 18. h3 Rf8 19. c4 Nb4 20. Qe3 Qa8 21. Bh4
Bf6 22. Qh6 Qc8 23. Rad1 Rfe8 24. Re4 b5 25. axb5 cxb5 26. d5 Bd7 27. Nxf7 Bg7
28. Qf4 Rf8 29. Rxe7 a4 30. Bf6 Rxf7 31. Rxf7 Kxf7 32. Bxd8+ Kg8 33. Be7 axb3
34. Bxb4 bxc4 35. Re1 Be8 36. Re7 h6 37. Rxg7+ Kxg7 38. Qf8+ Kh7 39. Bc3 1-0

[Event "16th FAJR Open"]
[Site "Urmia IRI"]
[Date "2008.02.09"]
[Round "11"]
[White "Simonian, H."]
[Black "Ghaem Maghami, E."]
[Result "0-1"]
[WhiteElo "2435"]
[BlackElo "2589"]
[PlyCount "73"]
[EventDate "2008.02.03"]
[EventType "swiss"]
[EventRounds "11"]
[EventCountry "IRI"]
[Source "Mark Crowther"]
[SourceDate "2008.02.18"]

1. e4 c5 2. Nc3 a6 3. g3 b5 4. Bg2 Bb7 5. Nge2 e6 6. d4 cxd4 7. Nxd4 Ne7 8. O-O
Nbc6 9. Re1 Nxd4 10. Qxd4 Nc6 11. Qd1 d6 12. b3 Be7 13. Bb2 O-O 14. Qd2 Rc8 15.
a4 b4 16. Nd1 Qc7 17. Ne3 Rfd8 18. Rad1 a5 19. Qe2 Ne5 20. f4 Nd7 21. Rd2 Nf6
22. Ng4 Nxg4 23. Qxg4 e5 24. Red1 Bf6 25. h4 Qe7 26. Kh2 Rc5 27. f5 Qc7 28. Qe2
h6 29. Qf2 Be7 30. Kh3 Rc8 31. Rc1 Qb6 32. Qe3 Bd8 33. Bf1 Bf6 34. Bg2 Bd8 35.
Bf1 Qc6 36. Bd3 Ba6 37. Rcd1 0-1

[Event "16th FAJR Open"]
[Site "Urmia IRI"]
[Date "2008.02.09"]
[Round "11"]
[White "Grigoryan, Av"]
[Black "Sharbaf, M."]
[Result "1-0"]
[WhiteElo "2509"]
[BlackElo "2407"]
[PlyCount "95"]
[EventDate "2008.02.03"]
[EventType "swiss"]
[EventRounds "11"]
[EventCountry "IRI"]
[Source "Mark Crowther"]
[SourceDate "2008.02.18"]

1. d4 Nf6 2. c4 e6 3. Nf3 b6 4. g3 Bb7 5. Bg2 Be7 6. Nc3 Ne4 7. Bd2 f5 8. Qc2
Nxc3 9. Bxc3 Be4 10. Qd2 O-O 11. O-O Bf6 12. Ne1 Bxg2 13. Nxg2 Qe8 14. Rae1 Qg6
15. Qf4 d6 16. Qf3 c6 17. e4 fxe4 18. Qxe4 Re8 19. Nf4 Qxe4 20. Rxe4 e5 21.
dxe5 Bxe5 22. Bxe5 Rxe5 23. Rd4 d5 24. cxd5 cxd5 25. Rxd5 Rxd5 26. Nxd5 Nc6 27.
Rc1 Nd4 28. Rc7 Rd8 29. Ne3 a5 30. Nc4 Nf3+ 31. Kg2 Ne1+ 32. Kf1 Nd3 33. Rb7
Rc8 34. b3 Rf8 35. f3 Re8 36. Nd6 Re1+ 37. Kg2 g6 38. a4 h5 39. Ne4 Re2+ 40.
Kh3 Ne5 41. Ng5 h4 42. gxh4 Re3 43. Rxb6 Nxf3 44. Nxf3 Rxf3+ 45. Kg4 Rf2 46.
Kg3 Rb2 47. Rxg6+ Kh8 48. Rb6 1-0

[Event "16th FAJR Open"]
[Site "Urmia IRI"]
[Date "2008.02.09"]
[Round "11"]
[White "Saravanan, V1."]
[Black "Mirumian, V."]
[Result "0-1"]
[WhiteElo "2379"]
[BlackElo "2525"]
[PlyCount "50"]
[EventDate "2008.02.03"]
[EventType "swiss"]
[EventRounds "11"]
[EventCountry "IRI"]
[Source "Mark Crowther"]
[SourceDate "2008.02.18"]

1. Nf3 Nf6 2. c4 g6 3. Nc3 d5 4. cxd5 Nxd5 5. Qa4+ Bd7 6. Qb3 Nb6 7. d4 Bg7 8.
Bf4 O-O 9. Rd1 Qc8 10. e3 c5 11. Be2 cxd4 12. exd4 Bg4 13. O-O Nc6 14. Nb5 Na5
15. Qb4 Nd5 16. Qd2 Nc4 17. Bxc4 Qxc4 18. Nc3 Bxf3 19. gxf3 Nxf4 20. Qxf4 e5
21. Qd2 exd4 22. Ne2 Qxa2 23. Nxd4 Rad8 24. Qb4 Qd5 25. Nb5 Qxf3 0-1

[Event "16th FAJR Open"]
[Site "Urmia IRI"]
[Date "2008.02.09"]
[Round "11"]
[White "Akbarinia, S."]
[Black "Sulashvili, M."]
[Result "0-1"]
[WhiteElo "2300"]
[BlackElo "2482"]
[PlyCount "78"]
[EventDate "2008.02.03"]
[EventType "swiss"]
[EventRounds "11"]
[EventCountry "IRI"]
[Source "Mark Crowther"]
[SourceDate "2008.02.18"]

1. d4 d5 2. Nf3 Nf6 3. c4 c6 4. Qc2 dxc4 5. Qxc4 Bf5 6. Nc3 e6 7. g3 Nbd7 8.
Bg2 Be7 9. O-O O-O 10. e3 Ne4 11. Qe2 c5 12. Ne1 Ndf6 13. f3 Nxc3 14. bxc3 Bg6
15. Bb2 Qa5 16. e4 Rfd8 17. Nd3 Rac8 18. Ne5 Qa4 19. Qd1 Qa5 20. Qb3 Nd7 21.
Nc4 Qa6 22. Ne3 cxd4 23. cxd4 Nc5 24. dxc5 Rd3 25. Qc4 Bxc5 26. Kh1 Rxe3 27.
Qxa6 bxa6 28. Rac1 Rd3 29. Rc2 h6 30. Rfc1 Rb8 31. Be5 Rb5 32. Bf1 Rxf3 33. Bg2
Bxe4 34. a4 Bxc2 35. axb5 Rf2 36. bxa6 f6 37. Bb8 Bb6 38. Bb7 Kf7 39. Ra1 Re2
0-1

[Event "16th FAJR Open"]
[Site "Urmia IRI"]
[Date "2008.02.09"]
[Round "11"]
[White "Babujian, L."]
[Black "Ahmadinia, E."]
[Result "1-0"]
[WhiteElo "2439"]
[BlackElo "2227"]
[PlyCount "51"]
[EventDate "2008.02.03"]
[EventType "swiss"]
[EventRounds "11"]
[EventCountry "IRI"]
[Source "Mark Crowther"]
[SourceDate "2008.02.18"]

1. d4 f5 2. Nf3 Nf6 3. g3 e6 4. Bg2 d5 5. Bf4 Be7 6. O-O O-O 7. Nbd2 b6 8. Ne5
Bb7 9. c4 Nbd7 10. cxd5 Nxe5 11. d6 cxd6 12. Bxb7 Rb8 13. Bg2 Ng6 14. Bg5 h6
15. Bxf6 Bxf6 16. Qb3 Qe7 17. e3 Kh7 18. Rac1 e5 19. Bh3 f4 20. exf4 exf4 21.
Rfe1 Qb7 22. Qd3 Rbe8 23. Rxe8 Rxe8 24. Bf5 Qf7 25. h4 Rf8 26. h5 1-0

[Event "16th FAJR Open"]
[Site "Urmia IRI"]
[Date "2008.02.09"]
[Round "11"]
[White "Morchiashvili, B."]
[Black "Mahmoody, M."]
[Result "1-0"]
[WhiteElo "2434"]
[BlackElo "2154"]
[PlyCount "41"]
[EventDate "2008.02.03"]
[EventType "swiss"]
[EventRounds "11"]
[EventCountry "IRI"]
[Source "Mark Crowther"]
[SourceDate "2008.02.18"]

1. d4 d5 2. Nf3 Nf6 3. c4 e6 4. Nc3 Nbd7 5. Bg5 Be7 6. e3 O-O 7. Bd3 b6 8. cxd5
exd5 9. O-O Bb7 10. Qc2 Ne4 11. Bf4 Ndf6 12. Bxc7 Qd7 13. Bf4 Rfc8 14. Qb3 Nh5
15. Ne5 Qe8 16. Nxe4 g5 17. Ng3 gxf4 18. Bb5 fxg3 19. Bxe8 gxh2+ 20. Kxh2 Rxe8
21. Rfe1 1-0